000
00321nam a2200133Ia 4500
008
240624s9999 xx 000 0 und d
041
_a
eng
082
_a
823 FAH
100
_a
FAHY WARREN
245
_a
FRAGMENT
260
_c
2009
_a
London
_b
Harper Collins Publishers
300
_a
490 : p. : cm. ; 17
365
_c
BPS
_b
20
999
_c
14382
_d
14382